| 000 | 00590nam a22001817a 4500 | ||
|---|---|---|---|
| 999 |
_c184279 _d184279 |
||
| 005 | 20220311171207.0 | ||
| 010 | _aENG-131180 | ||
| 020 |
_a978-93-5350-223-2 _c499.00 |
||
| 035 | _aEN-114712 | ||
| 037 | _bDBAD | ||
| 082 | _a332 | ||
| 100 | _aBrandl, Micheal W. | ||
| 245 |
_aMoney, Banking, Financial Markets and Instiutions/ _cMicheal W. Brandl |
||
| 260 |
_aDelhi _bCengage Learning India Private Limited _c2019 |
||
| 270 |
_bDelhi _aT-303, 3rd Floor, DAV Complex, Plot 3, Mayur Vihar Phase 1 _e110091 |
||
| 300 |
_a527p. _c25cm(pbk) |
||
| 942 |
_2ddc _cEN _h332 _mBRA |
||